[Event "Charleroi op 4th"]
[Site "Charleroi"]
[Date "2005.08.03"]
[Round "6"]
[White "Deprez, Dominique"]
[Black "Collart, Loris"]
[Result "0-1"]
[WhiteElo "1710"]
[BlackElo "1483"]
[PlyCount "36"]
[EventDate "2005.07.30"]
[EventType "swiss"]
[EventRounds "9"]
[EventCountry "BEL"]
[SourceTitle "EXT 2006"]
[Source "ChessBase"]
[SourceDate "2005.11.24"]
[SourceVersion "1"]
[SourceVersionDate "2005.11.24"]
[SourceQuality "1"]

1. c4 e5 2. Nc3 Nf6 3. g3 d5 4. cxd5 Nxd5 5. Bg2 Be6 6. a3 Nc6 7. d3 Qd7 8. e3 0-0-0 9. Nge2 Nb6 10. Bxc6 Qxc6 11. e4 Qd7 12. f4 Bg4 13. Be3 exf4 14. gxf4 Qxd3 15. Qxd3 Rxd3 16. Kf2 Nc4 17. Nd1 Nxe3 18. Nxe3 Bc5 0-1

[Event "BEL-ch U16"]
[Site "Worriken Buetgenbach"]
[Date "2004.04.08"]
[Round "6.10"]
[White "Collart, Loris"]
[Black "Cornelissen, Philip"]
[Result "0-1"]
[WhiteElo "1370"]
[BlackElo "1812"]
[PlyCount "62"]
[EventDate "2004.04.03"]
[EventType "swiss"]
[EventRounds "9"]
[EventCountry "BEL"]
[SourceTitle "EXT 2006"]
[Source "ChessBase"]
[SourceDate "2005.11.24"]
[SourceVersion "1"]
[SourceVersionDate "2005.11.24"]
[SourceQuality "1"]

1. e4 e5 2. Nf3 Nc6 3. d4 exd4 4. Nxd4 Nf6 5. Nxc6 bxc6 6. Qd4 Be7 7. Nc3 d6 8. Bg5 0-0 9. 0-0-0 Be6 10. e5 Nd5 11. Bxe7 Qxe7 12. exd6 Qxd6 13. Nxd5 cxd5 14. Bd3 Rab8 15. Rhe1 Rb7 16. Re3 Rfb8 17. b3 Qa3+ 18. Qb2 Qb4 19. Rg3 g6 20. Qf6 Rb6 21. Qb2 c5 22. Be2 a5 23. Kb1 a4 24. h3 c4 25. a3 Qc5 26. b4 Rxb4 27. axb4 Rxb4 28. Rb3 axb3 29. c3 Ra4 30. Bg4 Ra2 31. Qc1 Qa5 0-1

[Event "BEL-ch U16"]
[Site "Worriken Buetgenbach"]
[Date "2004.04.07"]
[Round "5.10"]
[White "Collart, Loris"]
[Black "Hugaert, Arthur"]
[Result "0-1"]
[WhiteElo "1370"]
[BlackElo "1656"]
[PlyCount "30"]
[EventDate "2004.04.03"]
[EventType "swiss"]
[EventRounds "9"]
[EventCountry "BEL"]
[SourceTitle "EXT 2006"]
[Source "ChessBase"]
[SourceDate "2005.11.24"]
[SourceVersion "1"]
[SourceVersionDate "2005.11.24"]
[SourceQuality "1"]

1. e4 c5 2. Nf3 Nc6 3. d4 cxd4 4. Nxd4 Qb6 5. Nb3 Nf6 6. Nc3 a6 7. Be3 Qc7 8. Be2 e6 9. 0-0 Bb4 10. Bf3 0-0 11. Qd2 Ne5 12. Rad1 Nc4 13. Qd4 e5 14. Nd5 Nxd5 15. exd5 exd4 0-1